| 000 | 00873cab a22001935a 4500 | ||
|---|---|---|---|
| 001 | L157146 | ||
| 008 | 120910e2012 xxk 000 0 eng d | ||
| 035 | _a(Sirsi) u157146 | ||
| 041 | 0 | _aeng | |
| 100 | 1 | _aSandher, Hardeep | |
| 245 | 0 | 2 | _aA merging market |
| 260 | _c2012 | ||
| 490 | 0 |
_aProperty Week _v78(36) 7 September 2012, 88-90(3) |
|
| 520 | _aProperty Week's second graduate survey reveals that 2012 has been even tougher for those who want to obtain placements at the major property firms. Total successful applications fell from 326 in 2011 to 275 in 2012 across the same 17 firms. Savills tops this year's list taking 50 applicants. Applicants were up 7.5%, number of placements down by 26.5%, and the number of applicants per place has increased by 28.2% | ||
| 590 | _aKA | ||
| 650 | 2 | 4 | _aBusiness and management |
| 651 | 4 | _aUnited Kingdom | |
| 942 | _n0 | ||
| 999 |
_c84270 _d84270 |
||